Integrative computational materials engineering : (Record no. 3549)

MARC details
000 -LEADER
fixed length control field 00623cam a22001697i 4500
008 - FIXED-LENGTH DATA ELEMENTS--GENERAL INFORMATION
fixed length control field 120927s2012 gw a b 001 0 eng
020 ## - INTERNATIONAL STANDARD BOOK NUMBER
ISBN 9783527330812 (print)
020 ## - INTERNATIONAL STANDARD BOOK NUMBER
ISBN 352733081X (print)
245 00 - TITLE STATEMENT
Title Integrative computational materials engineering :
Remainder of title concepts and applications of a modular simulation platform /
Statement of responsibility, etc edited by Georg J. Schmitz and Ulrich Prahl.
260 ## - PUBLICATION, DISTRIBUTION, ETC. (IMPRINT)
Place of publication Germany
Name of publisher Wiley-Vch
Date of publication 2012
300 ## - COLLATION
Pagination xvi, 328 pages :
Other physical details illustrations (some color) ;
650 #0 - TRACINGS
Main Subject Materials
Subdivision (2nd) Computer simulation.
700 1# - ADDITIONAL AUTHOR
Additional Author Schmitz, Georg J.,
700 1# - ADDITIONAL AUTHOR
Additional Author Prahl, Ulrich,
942 ## - ADDED ENTRY ELEMENTS (KOHA)
Item type Books
050 00 - LIBRARY OF CONGRESS CALL NUMBER
Classification number TA404.23
Item number .I688

No items available.